000
00327nam a2200133Ia 4500
008
230818s2000 xx 000 0 und d
041
_a
eng
100
_a
worthington
245
_a
Nutrition throught the life cycle
260
_b
Mc Grawhill Pub.
_c
2000
300
_a
469p
520
_a
Reference Copy
999
_c
852830
_d
852830
650
_a
Food Safety